000 00226nam a2200085Ia 4500
245 0 _aHandsome and Gruesome
100 _a Anholt, Laurence London, 2009
_968488
942 _cBK
008 210817s9999 xx 000 0 und d
999 _c307167
_d307166